Quizzes
Events
Quiz Creation
Community
Videos
Private Events
Remove Ads
Sign In
Join for FREE
Feedback
Dark Mode
Quiz Categories
Sports
Geography
Music
Movies
Television
Just For Fun
Miscellaneous
History
Literature
Language
Science
Gaming
Entertainment
Religion
Holiday
For Kids
Quiz Lab
Recent
Popular Today
Quiz Kudos Today
Editor Picks
Curator Picks
Quizzes by...
Day
Popularity
Type
Ratings
Length
Year
Community
Subscriptions
Recent Discussions
Orange Saloon
Badges
Playlists
Quests
Create
Leaderboards
Showdown
Live 5
Trivia Bingo
Activity
Puzzle Library
Sporcle Events
Private Events
Virtual Trivia
Globe League
Become a Host
Pub Owners
SporcleCon
Opinionation
Our Games
Videos
Blog
Mobile Apps
Partnerships
Remove Ads and Go Orange
Feedback
Geography
Country
Landmarks
City
State
Population
World
Capital
Continent
Flags
Europe
Africa
Asia
South America
North America
Oceania
Border
Canada
United Kingdom
Topography
United States
Geography
Country
Landmarks
City
State
Population
World
Capital
Continent
Flags
Europe
Africa
Asia
South America
North America
Oceania
Border
Canada
United Kingdom
Topography
United States
Random Quiz
Search Sporcle
×
Quiz Lab
Quiz Lab
Geography
Country
Type in answers that appear in a list
Type in answers that appear in a list
Classic
Best Score? Go Orange.
Least developed American Countries Stats
Can you name the lowest ranked American countries in the latest Human Development Report (2022)?
By
Karja
90s
10 Questions
405 Plays
405 Plays
405 Plays
Comments
Comments
Give Quiz Kudos
Give Quiz Kudos
-
- Ratings
hide this ad
Replay
Link that replays current quiz
Next Quiz
Link to next quiz in quiz playlist
You Got
0%
They Got
Avg Score
77%
Avg Friend Score
Upgrade to see
Score Distribution
Jump to the score distribution portion of the page
Score
0/10
Timer
01:30
0
Plays Today
World Rank
Country
% Correct
163
Haiti
89.9%
137
Honduras
85.9%
126
Nicaragua
83.5%
125
El Salvador
83%
135
Guatemala
80.2%
118
Bolivia
78.3%
108
Guyana
74.1%
120
Venezuela
72.7%
110
Jamaica
66.7%
123
Belize
62%
Quiz Playlist
Details
Report
Send in Message
Add To Playlist
Classic:
Type in answers that appear in a list
Quiz Source
Last Updated: Jan 10, 2023
Quiz Scoreboard
CHALLENGE
Sign Up to Join the Scoreboard
Show All
Scores
Hide
Comments
May contain spoilers
Recently Published
Presidents Visiting Landmarks
by Hejman
History
7m
An Introduction to Baseball
by treessimontrees
Sports
5m
Movies - When Are They Set?
by FPL_Elf
Movies
5m
More to Explore
Quiz From the Vault
Featured Blog Post
Where Did the Easter Bunny Come From?
hide this ad
You Might Also Like...
Tags
Country Quiz
World Quiz
America
Developed
Development
hdi
Human
Human Development
latest
least
Lowest
report
Today's Top Quizzes in Geography
Browse Geography
hide this ad
Today's Top Quizzes in Country
Browse Country
Top Contributed Quizzes in Geography
1
Countries of the World - No Outlines Minefield
2
Top 25 Cities of France on a map
3
Any capital of a 'B' country per Continent
4
Closest Countries to UK A-Z
5
Any capital of a 'C' country per Continent
6
One Thing in Common: United Kingdom
7
Any capital of a 'D' country per Continent
8
5-to-1: US Geography No Hints
9
Any capital of an 'E' country per Continent
10
Find the Provinces of Canada - No Outlines Minefield
Explore More
Trending Topics
Crossword
Anime
Disney
Harry Potter
NBA
Kpop
Marvel
Puzzle
Soccer
WWE
Country
Song
The Office
Pokémon
NFL
hide this ad
More By:
Karja
Quiz
Plays
Rating
Category
Featured
Created
Countries With 'D'
143,911
4.50
Geography
Jan 15, 2010
South America by Population (Minefield)
75,329
4.53
Geography
Dec 9, 2009
8-Letter Countries
71,670
4.58
Geography
Nov 5, 2009
UEFA European Championship Runners-Up
19,508
4.78
Sports
Nov 8, 2009
Nations which have beaten Brazil at World Cup
5,451
4.35
Sports
Oct 12, 2009
Go to Creator's Profile
Score Distribution
Quiz Creator Spotlight
Karja
Follow
Send a Message
Quizzes Created
-
Created Quiz Play Count
-
More By This Creator
Popular Quizzes Today
1
Find the US States - No Outlines Minefield
2
Find the Countries of Europe - No Outlines Minefield
3
The Countries of the World
4
Find the US States
5
Popular People in 1961
6
US States
7
Risky Map Clicking: Biggest States A-Z
8
Movies - When Are They Set?
More Geography Quizzes
World Cities Match-Up
Published
Trending Quizzes
Risky Map Clicking: Least Populous States A-Z
1-10 Letter G Words
1-10 Letter F Words
Risky Map Clicking: Next State Alphabetically
Risky Map Clicking: Biggest States A-Z
Recently Updated
Leaping Animals
pecheneg
Reality TV Shows (A-Z)
bhenderson79
Rickey Henderson's Hall of Fame Teammates
pecheneg
Champions League XIs: Arsenal
pecheneg
Quick Pick: Celebrities in WWE's Hall of Fame
aduchscher
A-Z Keypad Blitz II
pecheneg
Multiple Oscar Actors
pecheneg
Mystery Phrase Blitz: Oscar 'Best Actors'
pecheneg
F. Scott Fitzgerald Novels
LTH
Pick 3 Villains
ddd62291
Trending Topics
Crossword
Disney
Anime
Kpop
NBA
Marvel
Harry Potter
Country
NFL
The Office
Song
Soccer
WWE
Pokémon
Puzzle
Your Account Isn't Verified!
In order to create a playlist on Sporcle, you need to verify the email address you used during registration. Go to your
Sporcle Settings
to finish the process.
Report this User
Report this user for behavior that violates our
Community Guidelines
.
Details:
Send Report
Go to the Sporcle.com Mobile Site →
Comments